Комплексные гидриды в органической химии: пер. с нем.

Մատենագիտական մանրամասներ
Հիմնական հեղինակ: Хайош А. Андор
Լեզու:ռուսերեն
Հրապարակվել է: Ленинград, Химия, 1971
Խորագրեր:
Ձևաչափ: Գիրք
KOHA link:https://koha.lib.tpu.ru/cgi-bin/koha/opac-detail.pl?biblionumber=45235

MARC

LEADER 00000nam0a2200000 4500
001 45235
005 20231101210934.0
035 |a (RuTPU)RU\TPU\book\47016 
090 |a 45235 
100 |a 20021206d1971 k y0rusy50 ca 
101 1 |a rus  |c ger 
102 |a RU 
105 |a y z 001zy 
200 1 |a Комплексные гидриды в органической химии  |e пер. с нем.  |f А. Хайош 
210 |a Ленинград  |c Химия  |d 1971 
215 |a 624 с. 
320 |a Библиогр.: с. 549-611. 
320 |a Предм. указ.: с. 612-624. 
606 1 |a Органический синтез  |x Химические реактивы  |2 stltpush  |3 (RuTPU)RU\TPU\subj\75480  |9 87244 
606 1 |a Металлы, гидриды  |x Химия  |2 stltpush  |3 (RuTPU)RU\TPU\subj\75048  |9 86929 
610 1 |a органическая химия 
610 1 |a получение 
610 1 |a свойства 
610 1 |a применение 
675 |a 547.057  |v 3 
675 |a 546.3-3  |v 3 
700 1 |a Хайош  |b А.  |g Андор 
801 1 |a RU  |b 63413507  |c 20021206  |g PSBO 
801 2 |a RU  |b 63413507  |c 20190823  |g PSBO 
942 |c BK